| 000 | 00638nam a2200205Ia 4500 | ||
|---|---|---|---|
| 003 | GCL | ||
| 008 | 140319s9999 xx 000 0 ara d | ||
| 040 |
_aGCL / _cGCL |
||
| 082 | 0 | 4 |
_a956.802 _bع ت |
| 100 | 1 | _aعلى محافظة | |
| 245 | 1 | 0 |
_aتاريخ الاردن المعاصرة: عهد الامارة 1946-1921 / _cعلى محافظة |
| 260 |
_a[S.N] : _bمركز الكتب الاردنى ، _c1989 |
||
| 490 | _a | ||
| 650 | 0 | 4 | _aالعصر الحديث |
| 650 | 0 | 4 | _aتاريخ |
| 650 | 0 | 4 | _aالاردن |
| 650 | 0 | 4 | _aالاحتلال البريطانى |
| 650 | 0 | 4 | _aالامارة (1921 - 1946) |
| 942 |
_2ddc _cBK |
||
| 999 |
_c35420 _d35420 |
||